000 00523pab a2200169 454500
008 180718b2009 xxu||||| |||| 00| 0 eng d
100 _aRovere, Roberto La et al
245 _aOptions to improve livelihoods and protect natural resources in dry environments: the case of the Khanasser valley in Syria
260 _c2009
300 _ap.107-29.
362 _aJun
650 _aNatural resources
650 _aResources conservation
773 _aJournal of Environment and Development
908 _aN
909 _a85135
999 _c85135
_d85135